Catálogo 80-81 : Universidad La Salle /
Catálogo general de la Universidad La Salle que ofrece información sobre los diversos programas de estudio que se imparten en la institución, de preparatoria a especialidades. Se incluyen datos del proyecto y objetivos de la casa de estudios, así como sobre su administración y otros servicios que se...
Gardado en:
| Autor Corporativo: | |
|---|---|
| Formato: | Libro |
| Idioma: | Lingua castelá |
| Publicado: |
México :
Universidad La Salle,
hacia 1980
|
| Temas: | |
| Etiquetas: |
Sen Etiquetas, Sexa o primeiro en etiquetar este rexistro!
|
MARC
| LEADER | 00000nam^a2200000^a^4500 | ||
|---|---|---|---|
| 001 | 000414961 | ||
| 005 | 20250521000000.0 | ||
| 009 | 20260310122246.257 | ||
| 037 | |a Acervo Xavier Clavigero | ||
| 041 | |a ESP | ||
| 082 | |a 378. 72532 |b UNI ULSA-cat 1980 | ||
| 110 | |a Universidad La Salle | ||
| 245 | 1 | 0 | |a Catálogo 80-81 : |b Universidad La Salle / |c Universidad La Salle. |
| 264 | 1 | |a México : |b Universidad La Salle, |c hacia 1980 | |
| 300 | |a 157 p. | ||
| 336 | |a texto |b txt |2 rdacontenido | ||
| 337 | |a sin mediación |b n |2 rdamedio | ||
| 338 | |a volumen |b nc |2 rdasoporte | ||
| 520 | |a Catálogo general de la Universidad La Salle que ofrece información sobre los diversos programas de estudio que se imparten en la institución, de preparatoria a especialidades. Se incluyen datos del proyecto y objetivos de la casa de estudios, así como sobre su administración y otros servicios que se brindan a estudiantes, a profesores y a la sociedad. Contiene, además, los diferentes reglamentos que la rigen. | ||
| 649 | |a XX | ||
| 650 | |a Universidad La Salle - |x Catálogos - |x Tema Principal |z México (Ciudad) - | ||
| 650 | |a Universidades Privadas - |z México (Ciudad) - |x Catálogos | ||
| 650 | |a Universidades Privadas - |z México - |x Catálogos | ||
| 650 | |a Universidades Católicas - |z México (Ciudad) - |x Catálogos | ||
| 650 | |a Universidades Católicas - |z México - |x Catálogos | ||
| 650 | |a Instituciones Educativas - |z México (Ciudad) - |x Catálogos | ||
| 650 | |a Instituciones Educativas - |z México - |x Catálogos | ||
| 650 | |a Cartas Descriptivas | ||
| 650 | |a Currículo - |x Tema Principal | ||
| 650 | |a Proyecto Universitario | ||
| 650 | |a Estudios de Posgrado - |z México (Ciudad) - |x Catálogos - |x Tema Principal | ||
| 650 | |a Educación Privada - |z México (Ciudad) - |x Catálogos | ||
| 650 | |a Educación Privada - |z México - |x Catálogos | ||
| 650 | |a Educación Superior - |z México (Ciudad) - |x Catálogos | ||
| 650 | |a Educación Superior - |z México - |x Catálogos | ||
| 910 | |a Fondo Víctor Raúl Durana Valerio S.J. | ||
| 920 | |a Impresos - Libros | ||
| 930 | |a Fondos Especiales | ||
| 905 | |a 116 | ||
| 901 | |a 0500324479 |b IT2 |c ESP |i D3966 |u 20250521 | ||
| 902 | |a https://opac.biblio.iteso.mx/vufind/Record/000414961 | ||